000 00234 a2200097 4500
001 57727
100 _a
245 _aMobile satellite communications handbook
260 _aCalifornia
_bQuantum Publishers
_c1995
090 _c35418
_d35418
942 _aNUST-CAE
_c
_c28245
999 _c292800
_d292800